Normal view
MARC view
- Richardson, Paul
Entry Personal Name
001 - CONTROL NUMBER
- control field: 69743
003 - CONTROL NUMBER IDENTIFIER
- control field: NUST
005 - DATE AND TIME OF LATEST TRANSACTION
- control field: 20210628204302.0
008 - FIXED-LENGTH DATA ELEMENTS
- fixed length control field: 210628|| aca||aabn | a|a d
040 ## - CATALOGING SOURCE
- Original cataloging agency: NUST
- Transcribing agency: NUST
100 ## - HEADING--PERSONAL NAME
- Personal name: Richardson, Paul
670 ## - SOURCE DATA FOUND
- Source citation: Work cat.: (NUST): Richardson, Paul, Internet marketing, readings and online resources, 2001
